Feminist practice and postsructuralist theory

Αποθηκεύτηκε σε:
Λεπτομέρειες βιβλιογραφικής εγγραφής
Κύριος συγγραφέας: Weedon, Chris
Μορφή: Βιβλίο
Γλώσσα:English
Δημοσίευση: Oxford : Basil Blackwell, 1987
Θέματα:
Ετικέτες: Προσθήκη ετικέτας
Δεν υπάρχουν, Καταχωρήστε ετικέτα πρώτοι!

MARC

LEADER 00000nam a2200000 i 4500
001 1/93565
008 940526s1987 eng d
020 |a 0-631-15188-5 
035 |l 10008874 
040 |a GR-MY-UA  |b gre  |e aacr 
041 0 |a eng 
082 0 |a 305.42 
100 1 |a Weedon, Chris. 
245 1 0 |a Feminist practice and postsructuralist theory /  |c Chris Weedon 
260 |a Oxford :   |b Basil Blackwell,   |c 1987 
300 |a 187 p. 
504 |a Includes bibliographical references and index 
650 0 0 |a Feminism. 
650 0 0 |a Structuralism. 
852 |a INST  |b LESVOS  |e 19940526  |h 305.42 WEE  |p 005100007072  |q 005100007072  |t BK  |y 0 
909 |a Λ  |b 010690